Les 30 joueurs les + chers de 2023-2024 - Statistiques

Statistiques générales
  • Ce quiz a été pris 148 fois
    44 depuis la dernière actualisation
  • Le résultat moyen est 18 sur 30
Statistiques - réponses
# De Vers Valeur du transfert Pays Joueur % Correct
1 Borussia Dormund Real Madrid CF 127 000 000 € Jude Bellingham
100%
4 Tottenham Hotspur FC Bayern München 95 000 000 € Harry Kane
92%
7 Paris Saint-Germain Al-Hilal SC 90 000 000 € Neymar
92%
2 West Ham United Arsenal FC 116 600 000 € Declan Rice
89%
5 Eintracht Francfort Paris Saint-Germain 95 000 000 € Randal Kolo Muani
89%
6 RB Leipzig Manchester City 90 000 000 € Josko Gvardiol
84%
9 Chelsea FC Arsenal FC 75 000 000 € Kai Havertz
79%
3 Brighton & Hove Albion Chelsea FC 116 000 000 € Moisés Caicedo
79%
22 Wolverhampton Wanderers Al-Hilal SC 55 000 000 € Rúben Neves
79%
12 SL Benfica Paris Saint-Germain 65 000 000 € Gonçalo Ramos
74%
8 Atalanta BC Manchester United 77 800 000 € Rasmus Højlund
66%
20 AC Milan Newcastle United FC 58 900 000 € Sandro Tonali
63%
15 RB Leipzig Chelsea FC 60 000 000 € Christopher Nkunku
61%
19 Stade Rennais FC Manchester City 60 000 000 € Jérémy Doku
61%
10 RB Leipzig Liverpool FC 70 000 000 € Dominik Szoboszlai
58%
27 FC Barcelona Paris Saint-Germain 50 000 000 € Ousmane Dembélé
58%
11 Chelsea FC Manchester United 67 700 000 € Mason Mount
55%
16 Sporting CP Paris Saint-Germain 60 000 000 € Manuel Ugarte
53%
25 Inter Manchester United 50 200 000 € André Onana
50%
14 Wolverhampton Wanderers Manchester City 62 000 000 € Matheus Nunes
47%
18 FC Zenit SPB Al-Hilal SC 60 000 000 € Malcom
45%
26 SSC Napoli FC Bayern München 50 000 000 € Min-jae Kim
45%
13 Southampton FC Chelsea FC 62 100 000 € Roméo Lavia
45%
30 Liverpool FC Al-Ittihad Club 46 700 000 € Fabinho
42%
21 Bayer 04 Leverkusen Aston Villa FC 55 000 000 € Moussa Diaby
42%
17 FC Porto Al-Nassr Club 60 000 000 € Otávio
42%
24 Fulham FC Al-Hilal SC 52 600 000 € Aleksandar Mitrović
37%
23 Nottingham Forrest FC Tottenham Hotspur 55 000 000 € Brennan Johnson
34%
29 Manchester City Chelsea FC 47 000 000 € Cole Palmer
34%
28 Atlético de Madrid Wolverhampton Wanderers 50 000 000 € Matheus Cunha
24%
Aucun quiz correspondant
Distribution des résultats
% des personnes avec chaque résultat
Percentile par nombre de réponses
Votre historique - résultats
Vous n’avez pas pris ce quiz depuis la dernière actualisation